[Event "Quenza op 14th"]
[Site "Quenza"]
[Date "2025.07.06"]
[Round "4"]
[White "Fressinet, Laurent"]
[Black "Tomasi, Albert"]
[Result "1-0"]
[WhiteElo "2605"]
[BlackElo "2287"]
[PlyCount "77"]
[EventDate "2025.07.06"]
[EventType "swiss (blitz)"]
[EventRounds "9"]
[EventCountry "FRA"]
[SourceTitle "CB29_2025"]
[SourceDate "2025.07.16"]
[SourceVersion "1"]
[SourceVersionDate "2025.07.16"]
[SourceQuality "1"]

1. d4 d5 2. Nf3 Nf6 3. c4 c6 4. g3 g6 5. Bg2 Bg7 6. 0-0 0-0 7. Nc3 Ne4 8. Qb3 Nxc3 9. bxc3 dxc4 10. Qxc4 Nd7 11. e4 Qa5 12. Bd2 Nb6 13. Qd3 Be6 14. Rfe1 Rad8 15. Qc2 Nc4 16. Bf4 h6 17. h4 Na3 18. Qc1 Kh7 19. Nd2 Nb5 20. Re3 Nd6 21. Nb3 Qc7 22. Nc5 Bg4 23. e5 Nc4 24. Re1 b6 25. e6 Qc8 26. Nd7 Rxd7 27. exd7 Qxd7 28. Qc2 c5 29. dxc5 bxc5 30. Qe4 Be6 31. h5 Bxc3 32. hxg6+ Kg7 33. Rad1 Bd4 34. gxf7 Bxf7 35. Qxe7 Qf5 36. Bxh6+ Kxh6 37. Qxf8+ Kg6 38. Rxd4 cxd4 39. Be4 1-0

[Event "Titled Tuesday intern op 07th May Late"]
[Site "Chess.com INT"]
[Date "2024.05.07"]
[Round "4"]
[White "Bartholomew, John"]
[Black "Tomasi, Albert"]
[Result "1-0"]
[WhiteElo "2446"]
[BlackElo "2295"]
[PlyCount "49"]
[EventDate "2024.05.07"]
[EventType "swiss (blitz)"]
[EventRounds "11"]
[EventCountry "USA"]
[SourceTitle "EXT 2025"]
[Source "ChessBase"]
[SourceDate "2024.10.14"]
[SourceVersion "1"]
[SourceVersionDate "2024.10.14"]
[SourceQuality "1"]

1. Nf3 d5 2. d4 Nf6 3. c4 c6 4. cxd5 cxd5 5. Nc3 Nc6 6. Bf4 a6 7. Rc1 e6 8. e3 Be7 9. Bd3 0-0 10. h3 Bd7 11. Ne5 Nxe5 12. dxe5 Ne8 13. 0-0 Bc6 14. Ne2 Nc7 15. Nd4 Be8 16. Bxh7+ Kxh7 17. Qc2+ Kg8 18. Qxc7 a5 19. b3 Ba3 20. Qxd8 Rxd8 21. Rc7 Rd7 22. Rc8 Re7 23. Nc2 Bb2 24. Rb1 g5 25. Bg3 1-0

[Event "Titled Tuesday intern op 07th May Late"]
[Site "Chess.com INT"]
[Date "2024.05.07"]
[Round "8"]
[White "Tomasi, Albert"]
[Black "Arabidze, Meri"]
[Result "0-1"]
[WhiteElo "2295"]
[BlackElo "2458"]
[PlyCount "78"]
[EventDate "2024.05.07"]
[EventType "swiss (blitz)"]
[EventRounds "11"]
[EventCountry "USA"]
[SourceTitle "EXT 2025"]
[Source "ChessBase"]
[SourceDate "2024.10.14"]
[SourceVersion "1"]
[SourceVersionDate "2024.10.14"]
[SourceQuality "1"]

1. e4 c5 2. Nf3 e6 3. d4 cxd4 4. Nxd4 Nc6 5. Nc3 a6 6. g3 Qc7 7. Bg2 Nf6 8. 0-0 Bc5 9. Nb3 Ba7 10. Nd5 exd5 11. exd5 0-0 12. dxc6 dxc6 13. Bf4 Qd7 14. Qf3 Qg4 15. Na5 Qf5 16. Nc4 Qxc2 17. Rac1 Qg6 18. Nd6 Bg4 19. Qb3 Nd5 20. Be5 Qh5 21. Rfe1 Be2 22. Nc4 b5 23. Na5 Ne7 24. Bd6 Rfe8 25. Bxe7 Rxe7 26. Nxc6 Ree8 27. Nxa7 Rxa7 28. Qc2 Rae7 29. Qd2 g6 30. b3 Qf5 31. Rc6 h5 32. Qc3 Kh7 33. h3 b4 34. Qd2 Bb5 35. Rxe7 Rxe7 36. Rd6 Re2 37. Kh2 Rxd2 38. Rxd2 Qf6 39. Rd4 Qxd4 0-1

[Event "Titled Tuesday intern op 07th May Late"]
[Site "Chess.com INT"]
[Date "2024.05.07"]
[Round "2"]
[White "Tomasi, Albert"]
[Black "Koellner, Ruben Gideon"]
[Result "0-1"]
[WhiteElo "2295"]
[BlackElo "2439"]
[PlyCount "56"]
[EventDate "2024.05.07"]
[EventType "swiss (blitz)"]
[EventRounds "11"]
[EventCountry "USA"]
[SourceTitle "EXT 2025"]
[Source "ChessBase"]
[SourceDate "2024.10.14"]
[SourceVersion "1"]
[SourceVersionDate "2024.10.14"]
[SourceQuality "1"]

1. e4 d6 2. d4 Nf6 3. Nc3 e5 4. Nf3 Nbd7 5. Bc4 Be7 6. 0-0 c6 7. a4 h6 8. Re1 Qc7 9. Be3 Nf8 10. h3 g5 11. b4 Ng6 12. b5 g4 13. hxg4 Bxg4 14. Be2 h5 15. Rb1 h4 16. Ng5 Bxe2 17. Qxe2 Nh5 18. bxc6 bxc6 19. dxe5 Nhf4 20. Qg4 dxe5 21. Ne2 Rg8 22. Qf5 Bxg5 23. Qxg5 Ne7 24. Qh6 Nxg2 25. Bc5 Nxe1+ 26. Kf1 Nf3 27. Qf6 Nd2+ 28. Ke1 Nxb1 0-1

[Event "Purtichju op 8th"]
[Site "Porticcio"]
[Date "2023.07.04"]
[Round "5"]
[White "Makkar, Rajat"]
[Black "Tomasi, Albert"]
[Result "1-0"]
[WhiteElo "2419"]
[BlackElo "2291"]
[PlyCount "83"]
[EventDate "2023.07.01"]
[EventType "swiss"]
[EventRounds "9"]
[EventCountry "FRA"]
[SourceTitle "CBM 215 Extra"]
[Source "ChessBase"]
[SourceDate "2023.09.30"]
[SourceVersion "1"]
[SourceVersionDate "2023.09.30"]
[SourceQuality "1"]

1. d4 d5 2. c4 c6 3. Nc3 Nf6 4. e3 g6 5. Nf3 Bg7 6. Be2 0-0 7. 0-0 e6 8. Ne5 b6 9. b3 Bb7 10. Ba3 Re8 11. Rc1 Nfd7 12. f4 a5 13. Bf3 Na6 14. e4 Nxe5 15. fxe5 dxc4 16. bxc4 c5 17. Nb5 cxd4 18. Bd6 d3 19. Qd2 Rc8 20. Rc3 Nc5 21. Bxc5 Rxc5 22. Rxd3 Qb8 23. Nd6 Rf8 24. Nxf7 Kxf7 25. Bg4+ Ke8 26. Rd1 Qxe5 27. Rd8+ Kf7 28. Qd7+ Kg8 29. Bxe6+ Kh8 30. Qf7 Qd4+ 31. R1xd4 Bxd4+ 32. Rxd4 Rxf7 33. Bxf7 Kg7 34. Bd5 Bc8 35. Kf2 Kf6 36. Bg8 Kg7 37. Bd5 Kf6 38. Ke3 h6 39. Rd2 Ke5 40. Rb2 g5 41. Rxb6 h5 42. Rg6 1-0

[Event "Paris-ch 94th"]
[Site "Paris"]
[Date "2019.07.10"]
[Round "5"]
[White "Tomasi, Albert"]
[Black "Guilleux, Fabien"]
[Result "0-1"]
[WhiteElo "2300"]
[BlackElo "2442"]
[PlyCount "94"]
[EventDate "2019.07.07"]
[EventType "swiss"]
[EventRounds "9"]
[EventCountry "FRA"]
[SourceTitle "CBM 191 Extra"]
[Source "ChessBase"]
[SourceDate "2019.09.30"]
[SourceVersion "1"]
[SourceVersionDate "2019.09.30"]
[SourceQuality "1"]

1. e4 c5 2. Nc3 a6 3. g3 b5 4. Bg2 Bb7 5. a4 b4 6. Nd5 e6 7. Ne3 Nf6 8. d3 Be7 9. Ne2 d5 10. exd5 Nxd5 11. Nc4 0-0 12. 0-0 a5 13. Bd2 Nc6 14. Nc1 Nb6 15. Nb3 Nxc4 16. dxc4 Qb6 17. Be3 Ne5 18. Qe2 Bxg2 19. Kxg2 Qc6+ 20. f3 Nd7 21. Nc1 Bf6 22. Nd3 Rfd8 23. Bg1 Nb6 24. b3 Bxa1 25. Rxa1 Nd7 26. Qe4 Qxe4 27. fxe4 Rac8 28. Kf3 f6 29. Ke2 Kf7 30. Rd1 Ke7 31. g4 Rc6 32. h3 Rdc8 33. Bh2 Nf8 34. Bg1 e5 35. Ne1 Ne6 36. Ng2 Rd6 37. Rd5 Rxd5 38. cxd5 Nf4+ 39. Nxf4 exf4 40. Kd3 Kd6 41. Kc4 Ke5 42. Kb5 Kxe4 43. Bxc5 Kxd5 44. Bb6 f3 45. Kxa5 Ra8+ 46. Kxb4 Rb8 47. a5 f2 0-1

[Event "Paris-ch 94th"]
[Site "Paris"]
[Date "2019.07.07"]
[Round "2"]
[White "Sochacki, Christophe"]
[Black "Tomasi, Albert"]
[Result "1-0"]
[WhiteElo "2481"]
[BlackElo "2300"]
[PlyCount "135"]
[EventDate "2019.07.07"]
[EventType "swiss"]
[EventRounds "9"]
[EventCountry "FRA"]
[SourceTitle "CBM 191 Extra"]
[Source "ChessBase"]
[SourceDate "2019.09.30"]
[SourceVersion "1"]
[SourceVersionDate "2019.09.30"]
[SourceQuality "1"]

1. Nf3 Nf6 2. b3 d5 3. Bb2 c5 4. e3 Nc6 5. d4 e6 6. Bd3 Bd6 7. dxc5 Bxc5 8. a3 0-0 9. b4 Be7 10. Nbd2 a5 11. b5 Nb8 12. c4 Nbd7 13. 0-0 Nc5 14. Be2 a4 15. Rc1 Nfe4 16. cxd5 Nxd2 17. Nxd2 exd5 18. Qc2 Bd7 19. Nf3 Qb6 20. Bd4 Rfc8 21. Ne5 Qd8 22. Nxd7 Nb3 23. Qb2 Nxc1 24. Bg4 h5 25. Bf5 Bxa3 26. Qxa3 Ne2+ 27. Kh1 Nxd4 28. exd4 Rc4 29. Rd1 Qg5 30. Bd3 Qg4 31. f3 Qxd7 32. Bxc4 dxc4 33. Qc5 Qe6 34. d5 Qe2 35. Qd4 c3 36. d6 c2 37. Rc1 Qxb5 38. Qd2 Rd8 39. h3 Qc6 40. Rxc2 Qxd6 41. Qa5 b5 42. Rb2 Rc8 43. Rb1 Qd3 44. Rxb5 Rc1+ 45. Kh2 Qd6+ 46. Re5 a3 47. f4 g6 48. Re8+ Kh7 49. Re4 Rf1 50. Qa4 h4 51. Qc4 f5 52. Rd4 Qxd4 53. Qxd4 a2 54. Qa7+ Kh6 55. Qxa2 Rxf4 56. Qf7 Re4 57. Kg1 Rf4 58. Qf8+ Kh5 59. Qg7 Kg5 60. Qe7+ Kh5 61. Qe2+ Kh6 62. Qe3 g5 63. Qe6+ Kg7 64. Qe7+ Kg6 65. Qe8+ Kh6 66. Qc6+ Kg7 67. Qe6 g4 68. Qe5+ 1-0

[Event "Cergy Val d'Oise"]
[Site "Cergy Pontoise"]
[Date "2019.04.30"]
[Round "1"]
[White "Vlachos, Anatole"]
[Black "Tomasi, Albert"]
[Result "0-1"]
[WhiteElo "2405"]
[BlackElo "2283"]
[PlyCount "74"]
[EventDate "2019.04.30"]
[EventType "tourn"]
[EventRounds "9"]
[EventCountry "FRA"]
[EventCategory "5"]
[SourceTitle "CBM 190 Extra"]
[Source "ChessBase"]
[SourceDate "2019.07.15"]
[SourceVersion "1"]
[SourceVersionDate "2019.07.15"]
[SourceQuality "1"]

1. Nf3 c5 2. g3 Nc6 3. Bg2 g6 4. 0-0 Bg7 5. e4 e5 6. a4 Nge7 7. Na3 0-0 8. Nc4 d6 9. c3 h6 10. d3 Be6 11. Bd2 a6 12. b4 cxb4 13. cxb4 b5 14. axb5 axb5 15. Na5 Nxa5 16. bxa5 Nc6 17. Qe1 Qc7 18. Qc1 Kh7 19. Be3 Qb7 20. Qd2 b4 21. Bb6 b3 22. Rfb1 Rfc8 23. Bf1 Nd4 24. Nxd4 exd4 25. Rb2 Rc3 26. Be2 Rac8 27. Bd1 Qa6 28. Rab1 Rxd3 29. Qb4 Rdc3 30. Kg2 Bh3+ 31. Kxh3 Qf1+ 32. Kh4 Bf6+ 33. Kg4 h5+ 34. Kf4 Be5+ 35. Kg5 f6+ 36. Kh4 g5+ 37. Kxh5 Qh3# 0-1

[Event "Titled Tuesday intern op 4th Dec"]
[Site "Chess.com INT"]
[Date "2018.12.04"]
[Round "1"]
[White "Grigoriants, Sergey"]
[Black "Tomasi, Albert"]
[Result "1-0"]
[WhiteElo "2540"]
[BlackElo "2280"]
[PlyCount "69"]
[EventDate "2018.12.04"]
[EventType "swiss (blitz)"]
[EventRounds "10"]
[EventCountry "USA"]
[SourceTitle "EXT 2021"]
[Source "ChessBase"]
[SourceDate "2020.10.23"]
[SourceVersion "1"]
[SourceVersionDate "2020.10.23"]
[SourceQuality "1"]

1. e4 c5 2. Nf3 d6 3. d4 cxd4 4. Nxd4 Nf6 5. Nc3 a6 6. Be3 Nbd7 7. g4 h6 8. Bg2 Ne5 9. h3 g5 10. Qe2 b5 11. a4 b4 12. Nd5 e6 13. Nxb4 d5 14. Nbc6 Nxc6 15. Nxc6 Qc7 16. exd5 Bg7 17. d6 Qxd6 18. Rd1 Nd5 19. c4 Qxc6 20. cxd5 Qxa4 21. dxe6 Rb8 22. exf7+ Kxf7 23. Bd5+ Be6 24. Bxe6+ Kxe6 25. Bc5+ Kf7 26. Qe7+ Kg6 27. Qe6+ Bf6 28. Qf5+ Kf7 29. Rd7+ Qxd7 30. Qxd7+ Kg6 31. Qf5+ Kg7 32. 0-0 Rxb2 33. Rd1 Rb7 34. Rd6 Rd7 35. Rxd7+ 1-0

[Event "Avoine op 33rd"]
[Site "Avoine"]
[Date "2018.07.22"]
[Round "2"]
[White "Tomasi, Albert"]
[Black "Joly, Julien"]
[Result "1/2-1/2"]
[WhiteElo "2302"]
[BlackElo "1917"]
[PlyCount "188"]
[EventDate "2018.07.21"]
[EventType "swiss"]
[EventRounds "9"]
[EventCountry "FRA"]
[SourceTitle "CBM 185 Extra"]
[Source "ChessBase"]
[SourceDate "2018.07.29"]
[SourceVersion "1"]
[SourceVersionDate "2018.07.29"]
[SourceQuality "1"]

1. e4 g6 2. d4 Bg7 3. Nc3 d6 4. Nf3 a6 5. Be3 b5 6. Qd2 Bb7 7. h4 h6 8. Bd3 Nd7 9. 0-0-0 Rc8 10. e5 e6 11. d5 Nf8 12. Qe2 Ne7 13. Bxb5+ axb5 14. Qxb5+ c6 15. Qxb7 cxd5 16. Nb5 dxe5 17. Bb6 Qd7 18. Nc7+ Rxc7 19. Bxc7 Nc6 20. Nd2 Nh7 21. Qa8+ Nd8 22. Bxd8 0-0 23. Kb1 Rxd8 24. Qa5 Rb8 25. Rh3 Nf6 26. Rb3 Rxb3 27. Nxb3 Ng4 28. Rd2 Qe7 29. g3 e4 30. c4 e3 31. fxe3 Nxe3 32. cxd5 exd5 33. a3 Nc4 34. Qxd5 Nxd2+ 35. Qxd2 Qe5 36. Qf2 h5 37. Nc1 Qe4+ 38. Qc2 Qe1 39. Qd3 Bh6 40. Qc3 Bd2 41. Qc4 Bxc1 42. Qxc1 Qxg3 43. Qc8+ Kg7 44. Qd8 Qe1+ 45. Kc2 Qe2+ 46. Kc3 Qe1+ 47. Kc4 Qc1+ 48. Kb3 Qe3+ 49. Ka4 Qa7+ 50. Kb4 Qb7+ 51. Kc3 Qc6+ 52. Kb3 Qb5+ 53. Kc3 Qc5+ 54. Kd2 Qf2+ 55. Kc1 Qe1+ 56. Kc2 Qe2+ 57. Kb3 Qb5+ 58. Kc3 Qc5+ 59. Kb3 Qb5+ 60. Kc2 Qc4+ 61. Kd2 Qf4+ 62. Kd3 Qf3+ 63. Kc4 Qc6+ 64. Kb4 Qb7+ 65. Kc3 Qc6+ 66. Kd2 Qg2+ 67. Kc1 Qf1+ 68. Kd2 Qf2+ 69. Kc1 Qf1+ 70. Kc2 Qc4+ 71. Kb1 Qf1+ 72. Kc2 Qc4+ 73. Kd2 Qf4+ 74. Kd3 Qf3+ 75. Kc4 Qc6+ 76. Kd3 Qf3+ 77. Kd2 Qf2+ 78. Kc3 Qc5+ 79. Kd3 Qb5+ 80. Kc2 Qc4+ 81. Kd2 Qf4+ 82. Kc3 Qc1+ 83. Kb3 Qe3+ 84. Kb4 Qe4+ 85. Kb3 Qe6+ 86. Kc3 Qc6+ 87. Kd2 Qg2+ 88. Kc1 Qf1+ 89. Kd2 Qf2+ 90. Kc3 Qc5+ 91. Kd3 Qb5+ 92. Kc2 Qc4+ 93. Kb1 Qf1+ 94. Kc2 Qc4+ 1/2-1/2

[Event "Titled Tuesday intern op 5th June"]
[Site "Chess.com INT"]
[Date "2018.06.05"]
[Round "3"]
[White "Alboredo, Julia"]
[Black "Tomasi, Albert"]
[Result "0-1"]
[WhiteElo "2166"]
[BlackElo "2302"]
[PlyCount "76"]
[EventDate "2018.06.05"]
[EventType "swiss (blitz)"]
[EventRounds "10"]
[EventCountry "USA"]
[SourceTitle "EXT 2021"]
[Source "ChessBase"]
[SourceDate "2020.10.23"]
[SourceVersion "1"]
[SourceVersionDate "2020.10.23"]
[SourceQuality "1"]

1. e4 c5 2. Nf3 d6 3. d4 cxd4 4. Nxd4 Nf6 5. Nc3 a6 6. Be3 Nbd7 7. f3 e6 8. g4 h6 9. Qd2 b5 10. 0-0-0 b4 11. Nce2 Qc7 12. h4 d5 13. exd5 Nxd5 14. Bf2 Bb7 15. Kb1 Rc8 16. Bg3 Qb6 17. Nf4 Nc3+ 18. Ka1 Nxd1 19. Qxd1 e5 20. Nf5 exf4 21. Bxf4 g6 22. Nd6+ Bxd6 23. Bxd6 Rc6 24. Bf4 Nc5 25. Bc4 0-0 26. Bxh6 Rd8 27. Qe2 Ne6 28. h5 Qd4 29. Bd3 g5 30. Rd1 Qf6 31. Be4 Rxd1+ 32. Qxd1 Qxh6 33. Bxc6 Bxc6 34. Qd3 Qf6 35. Qxa6 Bxf3 36. a3 bxa3 37. Qxa3 Bxg4 38. Qa8+ Kg7 0-1

[Event "Titled Tuesday intern op 5th June"]
[Site "Chess.com INT"]
[Date "2018.06.05"]
[Round "7"]
[White "Tomasi, Albert"]
[Black "Zufic, Miroslav"]
[Result "1-0"]
[WhiteElo "2302"]
[BlackElo "2384"]
[PlyCount "83"]
[EventDate "2018.06.05"]
[EventType "swiss (blitz)"]
[EventRounds "10"]
[EventCountry "USA"]
[SourceTitle "EXT 2021"]
[Source "ChessBase"]
[SourceDate "2020.10.23"]
[SourceVersion "1"]
[SourceVersionDate "2020.10.23"]
[SourceQuality "1"]

1. e4 c5 2. Nf3 d6 3. d4 cxd4 4. Nxd4 Nf6 5. Nc3 a6 6. h3 e5 7. Nde2 h5 8. Bg5 Be6 9. Ng3 g6 10. Qf3 Nbd7 11. 0-0-0 h4 12. Nf5 Rh5 13. Bxh4 gxf5 14. Qxh5 Nxh5 15. Bxd8 Kxd8 16. exf5 Bxf5 17. g4 Bg6 18. gxh5 Bxh5 19. Be2 Bg6 20. h4 Nf6 21. h5 Bf5 22. h6 Ke7 23. Bd3 e4 24. Rde1 d5 25. f3 Kd6 26. fxe4 dxe4 27. Nxe4+ Bxe4 28. Bxe4 Re8 29. Bxb7 Bxh6+ 30. Kb1 Rxe1+ 31. Rxe1 a5 32. c3 Ng4 33. Kc2 f5 34. Bc8 Ne3+ 35. Kd3 f4 36. Bb7 Ke5 37. Bf3 Bf8 38. Rh1 Bc5 39. Rh5+ Kd6 40. Ke4 Nc4 41. Rh6+ Kc7 42. Kd5 1-0

[Event "Titled Tuesday intern op 1st May"]
[Site "Chess.com INT"]
[Date "2018.05.01"]
[Round "3"]
[White "Brizuela Abreu, Ronald Jesus"]
[Black "Tomasi, Albert"]
[Result "1-0"]
[WhiteElo "2391"]
[BlackElo "2302"]
[PlyCount "47"]
[EventDate "2018.05.01"]
[EventType "swiss (blitz)"]
[EventRounds "10"]
[EventCountry "USA"]
[SourceTitle "EXT 2021"]
[Source "ChessBase"]
[SourceDate "2020.10.23"]
[SourceVersion "1"]
[SourceVersionDate "2020.10.23"]
[SourceQuality "1"]

1. d4 Nf6 2. c4 c5 3. d5 b5 4. cxb5 a6 5. bxa6 g6 6. Nc3 Bg7 7. Nf3 0-0 8. e4 Qa5 9. Bd2 Bxa6 10. Bxa6 Qxa6 11. Qe2 d6 12. a4 Nbd7 13. Nb5 Nxe4 14. Qxe4 Qxb5 15. axb5 Rxa1+ 16. Ke2 Rxh1 17. Qxe7 Nf6 18. Qxd6 Ne4 19. Qc6 Rb1 20. d6 Nxd2 21. Nxd2 Rxb2 22. Kd3 Rb8 23. d7 R2xb5 24. Qxb5 1-0

[Event "Titled Tuesday intern op 1st May"]
[Site "Chess.com INT"]
[Date "2018.05.01"]
[Round "8"]
[White "Golubev, Mikhail"]
[Black "Tomasi, Albert"]
[Result "1-0"]
[WhiteElo "2476"]
[BlackElo "2302"]
[PlyCount "47"]
[EventDate "2018.05.01"]
[EventType "swiss (blitz)"]
[EventRounds "10"]
[EventCountry "USA"]
[SourceTitle "EXT 2021"]
[Source "ChessBase"]
[SourceDate "2020.10.23"]
[SourceVersion "1"]
[SourceVersionDate "2020.10.23"]
[SourceQuality "1"]

1. e4 c5 2. Nf3 d6 3. d4 cxd4 4. Nxd4 Nf6 5. Nc3 a6 6. Bc4 Nbd7 7. 0-0 b5 8. Bb3 Bb7 9. Re1 e6 10. a4 b4 11. Nd5 exd5 12. exd5+ Be7 13. Nf5 Ne5 14. Nxe7 Qxe7 15. f4 0-0 16. fxe5 dxe5 17. d6 Qd7 18. Rxe5 Rae8 19. Bf4 Ng4 20. Re7 Qf5 21. Bxf7+ Kh8 22. Qd4 Qxc2 23. Bd5 Nf6 24. Bxb7 1-0

[Event "Titled Tuesday intern op 3rd April"]
[Site "Chess.com INT"]
[Date "2018.04.03"]
[Round "2"]
[White "Liang, Hairan"]
[Black "Tomasi, Albert"]
[Result "0-1"]
[WhiteElo "2213"]
[BlackElo "2298"]
[PlyCount "194"]
[EventDate "2018.04.03"]
[EventType "swiss (blitz)"]
[EventRounds "10"]
[EventCountry "USA"]
[SourceTitle "EXT 2021"]
[Source "ChessBase"]
[SourceDate "2020.10.23"]
[SourceVersion "1"]
[SourceVersionDate "2020.10.23"]
[SourceQuality "1"]

1. e4 e5 2. Nf3 Nc6 3. Bc4 Nf6 4. d3 Bc5 5. 0-0 0-0 6. Nbd2 d5 7. exd5 Nxd5 8. Re1 Bg4 9. h3 Bh5 10. Ne4 Bb6 11. Ng3 Bg6 12. c3 Qd6 13. Ne4 Qd7 14. Bd2 Rae8 15. b4 Kh8 16. Qb3 Nf4 17. Bxf4 exf4 18. Rad1 h6 19. Nc5 Bxc5 20. bxc5 Na5 21. Qb5 Qxb5 22. Bxb5 c6 23. Ba4 Rxe1+ 24. Nxe1 Re8 25. Kf1 f6 26. Nf3 Bf7 27. Rd2 Rd8 28. Nd4 Rd5 29. Nb3 Nxb3 30. Bxb3 Rd7 31. d4 Bxb3 32. axb3 g5 33. Ke2 Kg8 34. Kd3 Kf7 35. c4 f5 36. Re2 Re7 37. d5 cxd5 38. Rxe7+ Kxe7 39. cxd5 h5 40. Kd4 g4 41. h4 b6 42. b4 Kd7 43. Ke5 a5 44. cxb6 axb4 45. b7 Kc7 46. d6+ Kxb7 47. Ke6 b3 48. d7 b2 49. d8Q b1Q 50. Qd5+ Kc7 51. Qc5+ Kb7 52. Qe7+ Kc6 53. Qd6+ Kb7 54. Qe7+ Kc6 55. Qd7+ Kb6 56. Qd8+ Kb7 57. Qd7+ Kb6 58. Qd4+ Kb7 59. Qg7+ Kb6 60. Qd4+ Kb7 61. Qd5+ Kb6 62. Qd8+ Kb7 63. Qd5+ Kb6 64. Qd6+ Kb7 65. Kd7 Qb5+ 66. Ke7 Qe2+ 67. Kd7 Qb5+ 68. Ke7 Qe2+ 69. Kd8 Qxf2 70. Qd7+ Ka6 71. Qd3+ Ka7 72. Qd7+ Ka6 73. Qa4+ Kb7 74. Qd7+ Ka6 75. Qa4+ Kb6 76. Qb4+ Kc6 77. Qc4+ Qc5 78. Qf7 Qd6+ 79. Kc8 Qc5 80. Qe6+ Kb5+ 81. Kd7 Qa7+ 82. Ke8 Qb8+ 83. Kf7 Qb7+ 84. Kg6 Qc6 85. Qxc6+ Kxc6 86. Kxh5 f3 87. gxf3 gxf3 88. Kg5 f2 89. h5 f1Q 90. h6 Qh3 91. h7 Qxh7 92. Kf6 f4 93. Ke5 f3 94. Kf6 f2 95. Kg5 f1Q 96. Kg4 Qhf5+ 97. Kh4 Q1f4# 0-1

[Event "Corsica Coca Cola blitz op"]
[Site "Bastia"]
[Date "2017.10.24"]
[Round "3"]
[White "Tomasi, Albert"]
[Black "Kosteniuk, Alexandra"]
[Result "0-1"]
[WhiteElo "2324"]
[BlackElo "2552"]
[PlyCount "70"]
[EventDate "2017.10.24"]
[EventType "swiss (blitz)"]
[EventRounds "9"]
[EventCountry "FRA"]
[SourceTitle "CBM 181 Extra"]
[Source "ChessBase"]
[SourceDate "2017.12.12"]
[SourceVersion "1"]
[SourceVersionDate "2017.12.12"]
[SourceQuality "1"]

1. e4 c5 2. Nf3 Nc6 3. d4 cxd4 4. Nxd4 Nf6 5. Nc3 d6 6. Bg5 e6 7. Qd2 a6 8. f4 h6 9. Bh4 Be7 10. 0-0-0 g5 11. fxg5 Nd7 12. Nf3 Nde5 13. Be2 Nxf3 14. gxf3 hxg5 15. Bg3 Ne5 16. h4 gxh4 17. f4 Nc6 18. Qe1 Bd7 19. f5 Qc7 20. f6 Bf8 21. Rxh4 Rxh4 22. Bxh4 0-0-0 23. Kb1 Ne5 24. Bg5 Bc6 25. Qg3 Nd7 26. Bh5 Nc5 27. Qe1 Rd7 28. Bf4 Qd8 29. Bg5 Qb6 30. b3 Qb4 31. Nd5 Qxe1 32. Rxe1 exd5 33. exd5 Bxd5 34. Re8+ Rd8 35. Bxf7 Bxf7 0-1

[Event "Corsica Masters op 21st"]
[Site "Bastia"]
[Date "2017.10.21"]
[Round "1"]
[White "Tomasi, Albert"]
[Black "Zubov, Alexander"]
[Result "0-1"]
[WhiteElo "2324"]
[BlackElo "2623"]
[PlyCount "54"]
[EventDate "2017.10.21"]
[EventType "swiss"]
[EventRounds "9"]
[EventCountry "FRA"]
[SourceTitle "CBM 181 Extra"]
[Source "ChessBase"]
[SourceDate "2017.12.12"]
[SourceVersion "1"]
[SourceVersionDate "2017.12.12"]
[SourceQuality "1"]

1. e4 Nc6 2. Nf3 d6 3. d4 Nf6 4. Nc3 g6 5. Bg5 Bg7 6. e5 Nd7 7. exd6 cxd6 8. Qd2 h6 9. Bh4 Nf6 10. d5 Nb4 11. Bb5+ Bd7 12. Bxd7+ Qxd7 13. a3 Na6 14. 0-0 0-0 15. Rfe1 Nc7 16. Re2 b5 17. Rae1 Rfe8 18. Nd4 g5 19. Bg3 Nfxd5 20. Ndxb5 Nxb5 21. Qxd5 Bxc3 22. Rxe7 Rxe7 23. Qxa8+ Kg7 24. Rxe7 Qxe7 25. h3 Nd4 26. Kh2 Bxb2 27. Qd5 Qe6 0-1

[Event "EU-ch U14 27th"]
[Site "Mamaia"]
[Date "2017.09.13"]
[Round "8"]
[White "Mis, Mieszko"]
[Black "Tomasi, Albert"]
[Result "1-0"]
[WhiteElo "2245"]
[BlackElo "2343"]
[PlyCount "106"]
[EventDate "2017.09.05"]
[EventType "swiss"]
[EventRounds "9"]
[EventCountry "ROU"]
[SourceTitle "CBM 180 Extra"]
[Source "ChessBase"]
[SourceDate "2017.10.06"]
[SourceVersion "1"]
[SourceVersionDate "2017.10.06"]
[SourceQuality "1"]

1. c4 e5 2. g3 Nf6 3. Bg2 d5 4. cxd5 Nxd5 5. Nc3 Nb6 6. Nf3 Nc6 7. 0-0 Be7 8. Rb1 a5 9. d3 0-0 10. Be3 Bg4 11. Rc1 a4 12. a3 Ra5 13. Bxb6 cxb6 14. Nxa4 e4 15. Ne1 Bg5 16. Rb1 Nd4 17. Nc3 Be6 18. e3 Bb3 19. Qd2 exd3 20. Qxd3 Nb5 21. Nd5 Nxa3 22. Qxb3 Nxb1 23. Qd3 Qd6 24. b4 Rxd5 25. Bxd5 Rd8 26. Bxf7+ Kxf7 27. Qxb1 Kg8 28. Nf3 Be7 29. b5 Qd3 30. Qxd3 Rxd3 31. Ra1 Bf6 32. Ra7 Rd7 33. Kg2 Kf7 34. e4 Ke6 35. Ra8 Kd6 36. Rc8 Ke6 37. Re8+ Re7 38. Rb8 Kd6 39. Nd2 Bc3 40. Nc4+ Kc7 41. Rf8 Rxe4 42. Rf7+ Kd8 43. Nxb6 Re5 44. Rxg7 Rxb5 45. Rd7+ Ke8 46. Rxb7 Be5 47. f4 Rb2+ 48. Kh3 Bd4 49. Rb8+ Kf7 50. Nd7 Rd2 51. Rb7 Bg1 52. Ne5+ Ke6 53. Nf3 Kd5 1-0

[Event "EU-ch U14 27th"]
[Site "Mamaia"]
[Date "2017.09.12"]
[Round "7"]
[White "Tomasi, Albert"]
[Black "Voloshchuk, Iliya"]
[Result "1/2-1/2"]
[WhiteElo "2343"]
[BlackElo "2156"]
[PlyCount "115"]
[EventDate "2017.09.05"]
[EventType "swiss"]
[EventRounds "9"]
[EventCountry "ROU"]
[SourceTitle "CBM 180 Extra"]
[Source "ChessBase"]
[SourceDate "2017.10.06"]
[SourceVersion "1"]
[SourceVersionDate "2017.10.06"]
[SourceQuality "1"]

1. e4 d6 2. d4 Nf6 3. Nc3 g6 4. Be3 Bg7 5. f3 c6 6. g4 b5 7. g5 Nfd7 8. Qd2 Nb6 9. h4 Qc7 10. h5 Rg8 11. a4 b4 12. Nd1 a5 13. c3 Na6 14. Nf2 Be6 15. Rc1 b3 16. Bd3 Bc4 17. Bxc4 Nxc4 18. Qe2 d5 19. f4 Nb8 20. Nf3 Nd7 21. Ne5 Bxe5 22. dxe5 e6 23. hxg6 hxg6 24. Kf1 0-0-0 25. Kg2 Nxe3+ 26. Qxe3 Qb6 27. Qe2 Nc5 28. exd5 Rxd5 29. Rcd1 Rgd8 30. Rxd5 Rxd5 31. Rh8+ Kb7 32. Rf8 Qc7 33. Qe3 Qe7 34. Rh8 Qd7 35. Rf8 Qe7 36. Rh8 Qd7 37. Rh7 Qe7 38. Rh8 Qd7 39. Rh7 Qe7 40. Rh1 Qd7 41. Rh8 Qe7 42. c4 Rd7 43. Rg8 Rc7 44. Qd2 Ka6 45. Qe3 Rd7 46. Qf3 Kb7 47. Qe3 Ka6 48. Ra8+ Ra7 49. Rc8 Kb7 50. Rh8 Ra8 51. Rxa8 Kxa8 52. Qc3 Qd8 53. Kf3 Kb7 54. Qe3 Qb6 55. Ne4 Nxe4 56. Kxe4 Qb4 57. Qd4 Qe1+ 58. Kf3 1/2-1/2